UBT Library

Encyclopedia of feminism / (Record no. 41844)

000 -LEADER
fixed length control field 00548cam a2200217 a 4500
001 - CONTROL NUMBER
control field 4752466
005 - DATE AND TIME OF LATEST TRANSACTION
control field 20180206032033.0
008 - FIXED-LENGTH DATA ELEMENTS--GENERAL INFORMATION
fixed length control field 860102s1986 nyu be 000 0 eng
010 ## - LIBRARY OF CONGRESS CONTROL NUMBER
LC control number 85031212
020 ## - INTERNATIONAL STANDARD BOOK NUMBER
International Standard Book Number 0816014248
040 ## - CATALOGING SOURCE
Original cataloging agency DLC
Transcribing agency DLC
Modifying agency DLC
041 ## - LANGUAGE CODE
Language code of text/sound track or separate title eng
080 ## - UNIVERSAL DECIMAL CLASSIFICATION NUMBER
Universal Decimal Classification number 305.420321 TUT
082 00 - DEWEY DECIMAL CLASSIFICATION NUMBER
Classification number 305.420321 TUT
Edition number 19
100 1# - Rafti
Rafti 50
101 ## - Shkurtesa
Shkurtesa SOC
245 10 - TITLE STATEMENT
Title Encyclopedia of feminism /
Statement of responsibility, etc Lisa Tuttle.
504 ## - BIBLIOGRAPHY, ETC. NOTE
Bibliography, etc Bibliography: p. 379-399.
906 ## - LOCAL DATA ELEMENT F, LDF (RLIN)
a 7
b cbc
c orignew
d 1
e ocip
f 19
g y-gencatlg
942 ## - ADDED ENTRY ELEMENTS (KOHA)
Source of classification or shelving scheme
Item type Books
Holdings
Withdrawn status Lost status Source of classification or shelving scheme Damaged status Not for loan Collection code Permanent location Current location Shelving location Date acquired Total Checkouts Full call number Barcode Date last seen Price effective from Koha item type
          Koleksioni i përgjithshem UBT - Lipjan UBT - Lipjan Koleksioni i përgjithshem 02/06/2018   305.420321 TUT 002-2999355 02/06/2018 02/06/2018 Books
UBT Library © 2015-2024. All rights reserved University Education for Business and Technology